Southville International School and Colleges
Your cart is empty.
  • Cart
  • Lists
    Public lists Eva Luna New books Lux_list list_1
    Your lists Log in to create your own lists
  • Log in to your account
  • Your cookies
  • Search history
Southville International School and Colleges
  • Advanced search
  • Recent comments
  • Most popular
  • Libraries

Log in to your account

Log in with GOOGLE


If you do not have an external account, but do have a local account, you can still log in:

  1. Home
  2. MARC view: Pompeii . . . buried alive! /
Normal view MARC view ISBD view

Pompeii . . . buried alive! / (Record no. 102254)

[ view plain ]
MARC details
000 -LEADER
fixed length control field 00755nam a2200193 a 4500
005 - DATE AND TIME OF LATEST TRANSACTION
control field 20140412111233.0
008 - FIXED-LENGTH DATA ELEMENTS--GENERAL INFORMATION
fixed length control field 010522s19uu xx 00 eng d
020 ## - INTERNATIONAL STANDARD BOOK NUMBER
International Standard Book Number 0-394-88866-9
050 ## - LIBRARY OF CONGRESS CALL NUMBER
Classification number TR(GS 937.7
Item number K86 1987
100 ## - MAIN ENTRY--PERSONAL NAME
Personal name Kunhardt, Edith
245 ## - TITLE STATEMENT
Title Pompeii . . . buried alive! /
Statement of responsibility, etc by Edith Kunhardt; illustrated by Michael Eagle.
260 ## - PUBLICATION, DISTRIBUTION, ETC. (IMPRINT)
Place of publication, distribution, etc New York :
Name of publisher, distributor, etc Random House,
Date of publication, distribution, etc 1987.
300 ## - PHYSICAL DESCRIPTION
Extent 48p. ; ill.
440 ## - SERIES STATEMENT/ADDED ENTRY--TITLE
Title Step into Reading, A Step 3 book
520 ## - SUMMARY, ETC.
Summary, etc A simple retelling of the fateful days in A.D. 79 when mount Vesuvius erupted and the people in the ancient town Pompeii perished.
650 ## - SUBJECT ADDED ENTRY--TOPICAL TERM
Topical term or geographic name as entry element Pompeii (Ancient city)-Juvenile literature
650 ## - SUBJECT ADDED ENTRY--TOPICAL TERM
Topical term or geographic name as entry element Vesuvius (Italy)-Eruption, 79-Juvenile literature
Holdings
Withdrawn status Lost status Damaged status Home library Current library Shelving location Date acquired Source of acquisition Total Checkouts Full call number Barcode Date last seen Price effective from Koha item type
      Elizalde Library Elizalde Library Teachers Reference Section 05/22/2001     TR(GS 937.7 K86 1987 E1043 04/12/2014 04/12/2014 Books

Pompeii . . . buried alive! /

APA

Kunhardt E., . (1987). Pompeii . . . buried alive!. New York: Random House.

Chicago

Kunhardt Edith, . 1987. Pompeii . . . buried alive!. New York: Random House.

Harvard

Kunhardt E., . (1987). Pompeii . . . buried alive!. New York: Random House.

MLA

Kunhardt Edith, . Pompeii . . . buried alive!. New York: Random House. 1987.

  • Place hold
  • Print
  • Cite
  • Add to your cart (remove)
  • Save record
    BIBTEX Dublin Core MARCXML MARC (non-Unicode/MARC-8) MARC (Unicode/UTF-8) MARC (Unicode/UTF-8, Standard) MODS (XML) RIS
  • More searches
    Search for this title in:
    Other Libraries (WorldCat) Other Databases (Google Scholar) Online Stores (Bookfinder.com) Open Library (openlibrary.org)

Exporting to Dublin Core...

SOUTHVILLE LIBRARY

Southville International School and Colleges Library

1281 Tropical Ave. Cor. Luxembourg St., BF Homes International, Las Pinas City

Tel. No. 8256374 / 252358 Loc. 117/146

Powered by Koha